مولانا ابوالکلام آزاد: (Record no. 172874)

MARC details
000 -LEADER
fixed length control field 00673nam a22001937a 4500
005 - DATE AND TIME OF LATEST TRANSACTION
control field 20200214115930.0
010 ## - LCCN (DPL NO)
LC control number A-414648
020 ## - INTERNATIONAL STANDARD BOOK NUMBER
Terms of availability 21.00
035 ## - SYSTEM CONTROL NUMBER
System control number A-414648
037 ## - SOURCE OF ACQUISITION
Source of stock number/acquisition BPPD/Pub.
082 ## - DEWEY DECIMAL CLASSIFICATION NUMBER
Classification number 921
100 ## - MAIN ENTRY--PERSONAL NAME
Personal name رشید الدین حان
245 ## - TITLE STATEMENT
Title مولانا ابوالکلام آزاد:
Remainder of title شخصیت ، سیاست پیغام /
Statement of responsibility, etc رشید الدین حان
246 ## - VARYING FORM OF TITLE
Title proper/short title Maulana Abul Kalam Azad: Shakhsiat, Siyasat, Paigham /
Remainder of title by Rasheeduddin Khan
260 ## - PUBLICATION, DISTRIBUTION, ETC. (IMPRINT)
Place of publication, distribution, etc New Delhi
Name of publisher, distributor, etc Taraqqi Urdu Bureau
Date of publication, distribution, etc 1989 ء
270 ## - ADDRESS
Address West Block 8, R.K. Puram
City New Delhi
Postal code 110066
300 ## - PHYSICAL DESCRIPTION
Extent 336p.
Dimensions 20cm(Hb)
942 ## - ADDED ENTRY ELEMENTS (KOHA)
Source of classification or shelving scheme Dewey Decimal Classification
Item type Urdu Bks
Classification part 921
Call number suffix ا ب و
Holdings
Withdrawn status Lost status Not for loan Collection code Home library Current library Date acquired Source of acquisition Cost, normal purchase price Full call number Barcode Copy number Cost, replacement price Koha item type
      Non-fiction Central Library Central Library 14/02/2020 BPPD/Ven. 21.00 921 ا ب و A-414648 1 21.00 Urdu Bks

© Delhi Public Library
Hit Counter
free hit counter